000 00481nam a2200193Ia 4500
005 20250923144648.0
008 008 250917s9999 xx 000 0 eng d
037 _aTextual
040 _aDSWL
_beng
_cDSWL
041 _aeng
_2eng
084 _qDSWL
245 0 _aBottom up democracy
_cby Community Services
260 _aOhio
_bOhio Community Services, Inc.
_c1954
300 _a64p.
365 _aUSD
_b1
925 _g1
942 _cTEXL
999 _c1441763
_d1441763